| 000 | 005310000a22001930004500 | ||
|---|---|---|---|
| 001 | 002482 | ||
| 003 | MACL | ||
| 005 | 20150710170829.0 | ||
| 008 | 150710b xxu||||| |||| 00| 0 eng d | ||
| 040 |
_aMACL _cMACL |
||
| 041 | _aEnglish | ||
| 082 | _a320/CHA | ||
| 100 |
_aChhatre, Ashwini _91688 |
||
| 245 |
_aDemocratizing Nature _bPolitics, Conservation, and Development in india _cAshwini Chhatre |
||
| 260 |
_aNew Delhi, _c2006 _bOxford uni. Press, |
||
| 350 | _a575 | ||
| 650 |
_aPolitical Science _988 |
||
| 942 |
_k320 _cBK _2ddc |
||
| 999 |
_c14393 _d14393 |
||